|
|
|
|
| LEADER |
00000nab a2200000 ar4500 |
| 001 |
vtls008957680 |
| 003 |
SK-MaSNL |
| 005 |
20260303070957.0 |
| 008 |
070321c2007 xo wr|p|||||||000 b|slo |
| 038 |
|
|
|a PPPK
|
| 040 |
|
|
|a PPPKCL
|b slo
|c PPPK
|e AACR2
|
| 041 |
0 |
|
|a slo
|
| 044 |
|
|
|a xo
|c SK
|
| 080 |
|
|
|a 796.966.093.1
|2 1997
|
| 245 |
0 |
0 |
|a Ľahké víťazstvo vedúcich Košíc v Poprade
|c [autor] (ttk) ; foto Jozef Michnica
|
| 300 |
|
|
|b Fotogr.
|
| 500 |
|
|
|a O priebehu zápasu informuje František Hossa, tréner Popradu a Ján Šterbák, tréner Košíc
|
| 610 |
2 |
7 |
|a AquaCity Hockey Arena (Poprad, Slovensko)
|2 pppkcl
|9 1037777
|
| 610 |
2 |
7 |
|a HK AquaCity ŠKP Poprad
|2 pppkcl
|9 1043350
|
| 648 |
|
7 |
|a 2007
|2 pppkcl
|9 313226
|
| 650 |
0 |
7 |
|a ľadový hokej
|2 pppkcl
|9 3231
|
| 650 |
0 |
7 |
|a extraliga
|2 pppkcl
|9 18992
|
| 650 |
0 |
7 |
|a 49. kolo
|2 pppkcl
|9 1034548
|
| 650 |
0 |
7 |
|a výsledky
|2 pppkcl
|9 493505
|
| 651 |
|
7 |
|a Poprad (Slovensko)
|2 pppkcl
|9 20155
|
| 700 |
1 |
|
|a Michnica, Jozef
|4 pht
|9 6897
|
| 773 |
0 |
|
|t Poprad : noviny občanov mesta
|g Roč. XVIII, č. 10 (2007), s. 6
|
| 852 |
|
|
|a PPPK
|b KIS3GCP
|
| 999 |
|
|
|c 1757793
|d 1759723
|